[Event "HUN-chT2 Maroczy 1819"]
[Site "Hungary"]
[Date "2019.04.28"]
[Round "11.1"]
[White "Feher, Gyula"]
[Black "Furedi, Erik"]
[Result "1-0"]
[WhiteElo "2349"]
[BlackElo "2265"]
[PlyCount "117"]
[EventDate "2018.09.23"]
[EventType "team-tourn"]
[EventRounds "11"]
[EventCountry "HUN"]
[SourceTitle "EXT 2021"]
[Source "ChessBase"]
[SourceDate "2020.10.23"]
[SourceVersion "1"]
[SourceVersionDate "2020.10.23"]
[SourceQuality "1"]
[WhiteTeam "Taban Spartacus"]
[BlackTeam "Budapest Vasas"]
[WhiteTeamCountry "HUN"]
[BlackTeamCountry "HUN"]

1. e4 e5 2. Nf3 Nc6 3. Bb5 Bc5 4. 0-0 Nd4 5. Nxd4 Bxd4 6. c3 Bb6 7. d4 c6 8. Ba4 d6 9. Na3 Qe7 10. Nc4 Bc7 11. Bc2 Be6 12. b3 Nf6 13. Ba3 c5 14. Qe2 0-0 15. Rad1 b5 16. dxc5 dxc5 17. Ne3 a6 18. c4 b4 19. Bb2 Nd7 20. Nd5 Bxd5 21. cxd5 Qd6 22. Rd3 Bd8 23. Rh3 Bg5 24. f4 Bf6 25. f5 g6 26. Bc1 Bg7 27. Be3 Nf6 28. Bd3 Rfc8 29. Rhf3 Nh5 30. g3 Nf6 31. h3 Ne8 32. fxg6 fxg6 33. Qf2 Ra7 34. Bc4 h6 35. g4 Kh7 36. Qh4 Qe7 37. Qxe7 Rxe7 38. Bxa6 Ra8 39. Bc4 Ra5 40. R3f2 Nd6 41. Bd3 Rc7 42. Rc1 Kg8 43. Kg2 Bf8 44. Rcc2 g5 45. Rf6 Nf7 46. Rg6+ Kh7 47. Rc6 Rca7 48. Bxc5 Bxc5 49. R6xc5 Rxc5 50. Rxc5 Rxa2+ 51. Kf3 Rb2 52. Bc4 Nd6 53. Rc6 Nxc4 54. bxc4 Kg7 55. Rb6 b3 56. c5 Rh2 57. c6 Rxh3+ 58. Ke2 b2 59. Kd2 1-0

[Event "HUN-chT2 Maroczy 1819"]
[Site "Hungary"]
[Date "2019.03.10"]
[Round "9.1"]
[White "Feher, Gyula"]
[Black "Ilincic, Zlatko"]
[Result "1/2-1/2"]
[WhiteElo "2349"]
[BlackElo "2412"]
[PlyCount "74"]
[EventDate "2018.09.23"]
[EventType "team-tourn"]
[EventRounds "11"]
[EventCountry "HUN"]
[SourceTitle "EXT 2020"]
[Source "ChessBase"]
[SourceDate "2019.10.17"]
[SourceVersion "1"]
[SourceVersionDate "2019.10.17"]
[SourceQuality "1"]
[WhiteTeam "Taban Spartacus"]
[BlackTeam "Toth Laszlo"]
[WhiteTeamCountry "HUN"]
[BlackTeamCountry "HUN"]

1. e4 c5 2. Nf3 d6 3. d4 cxd4 4. Nxd4 Nf6 5. Nc3 a6 6. Be3 h5 7. Be2 Nbd7 8. 0-0 e6 9. a4 b6 10. f4 Bb7 11. f5 e5 12. Nf3 d5 13. exd5 Ng4 14. Bf2 Nxf2 15. Kxf2 Bc5+ 16. Ke1 Nf6 17. Bc4 0-0 18. Qe2 e4 19. Ng5 Bb4 20. Rd1 Rc8 21. d6 Ng4 22. f6 gxf6 23. h3 fxg5 24. hxg4 Bxd6 25. Rf5 Rc5 26. Nd5 Bc8 27. Nf6+ Kh8 28. Nxe4 Re8 29. Rxc5 Rxe4 30. Qxe4 Bg3+ 31. Ke2 Bxg4+ 32. Ke3 Bf4+ 33. Kf2 Qf6 34. Ke1 Bg3+ 35. Kd2 Bf4+ 36. Ke1 Bg3+ 37. Kd2 Bf4+ 1/2-1/2

[Event "HUN-chT2 Maroczy 1819"]
[Site "Hungary"]
[Date "2018.12.02"]
[Round "5.1"]
[White "Feher, Gyula"]
[Black "Fogarasi, Tibor"]
[Result "1/2-1/2"]
[WhiteElo "2349"]
[BlackElo "2378"]
[PlyCount "21"]
[EventDate "2018.09.23"]
[EventType "team-tourn"]
[EventRounds "11"]
[EventCountry "HUN"]
[SourceTitle "EXT 2020"]
[Source "ChessBase"]
[SourceDate "2019.10.17"]
[SourceVersion "1"]
[SourceVersionDate "2019.10.17"]
[SourceQuality "1"]
[WhiteTeam "Taban Spartacus"]
[BlackTeam "Penzugyor II"]
[WhiteTeamCountry "HUN"]
[BlackTeamCountry "HUN"]

1. e4 c5 2. Nf3 e6 3. d4 cxd4 4. Nxd4 a6 5. Bd3 Ne7 6. 0-0 Nbc6 7. Nb3 Ng6 8. Nc3 Be7 9. f4 0-0 10. Qh5 d6 11. Bd2 1/2-1/2

[Event "HUN-chT2 Maroczy 1718"]
[Site "Hungary"]
[Date "2017.10.29"]
[Round "1.3"]
[White "Feher, Gyula"]
[Black "Nguyen, Huynh Minh Huy"]
[Result "1/2-1/2"]
[WhiteElo "2345"]
[BlackElo "2397"]
[PlyCount "91"]
[EventDate "2017.10.29"]
[EventType "team-tourn"]
[EventRounds "9"]
[EventCountry "HUN"]
[SourceTitle "EXT 2021"]
[Source "ChessBase"]
[SourceDate "2020.10.23"]
[SourceVersion "1"]
[SourceVersionDate "2020.10.23"]
[SourceQuality "1"]
[WhiteTeam "Taban Spartacus"]
[BlackTeam "Budapest HASE"]
[WhiteTeamCountry "HUN"]
[BlackTeamCountry "HUN"]

1. e4 c5 2. Nf3 d6 3. Nc3 a6 4. d4 cxd4 5. Nxd4 Nf6 6. Be2 e5 7. Nb3 Be7 8. 0-0 0-0 9. a4 Be6 10. f4 exf4 11. Bxf4 Nc6 12. Kh1 Rc8 13. Nd4 Nxd4 14. Qxd4 d5 15. e5 Ng4 16. Bxg4 Bxg4 17. Nxd5 Rxc2 18. Rac1 Rxc1 19. Rxc1 Be6 20. Nxe7+ Qxe7 21. Rd1 h6 22. h3 Rc8 23. a5 Qe8 24. Qb6 Qa4 25. Rd8+ Kh7 26. Rxc8 Bxc8 27. Bg3 Qe4 28. Kh2 Bd7 29. Qf2 Bc6 30. Qd2 g5 31. Qf2 Bd5 32. h4 gxh4 33. Bxh4 Qxe5+ 34. Bg3 Qe4 35. Bf4 f6 36. Qg3 h5 37. Be3 h4 38. Qf3 Qe5+ 39. Qf4 Kg6 40. Qxe5 fxe5 41. g3 Kf5 42. gxh4 Ke4 43. Bc5 Kf3 44. h5 e4 45. h6 Bg8 46. Kg1 1/2-1/2

[Event "HUN-chT2 Maroczy 1516"]
[Site "Hungary"]
[Date "2016.04.17"]
[Round "9.5"]
[White "Feher, Gyula"]
[Black "Istvanovszky, Kalman"]
[Result "1-0"]
[WhiteElo "2340"]
[BlackElo "2313"]
[PlyCount "67"]
[EventDate "2015.10.18"]
[EventType "team-tourn"]
[EventRounds "9"]
[EventCountry "HUN"]
[SourceTitle "EXT 2017"]
[Source "ChessBase"]
[SourceDate "2016.10.25"]
[SourceVersion "1"]
[SourceVersionDate "2016.10.25"]
[SourceQuality "1"]
[WhiteTeam "Magyar Sakkvilag"]
[BlackTeam "Penzugyor"]
[WhiteTeamCountry "HUN"]
[BlackTeamCountry "HUN"]

1. e4 c5 2. Nf3 Nc6 3. d4 cxd4 4. Nxd4 e5 5. Nb5 a6 6. Nd6+ Bxd6 7. Qxd6 Qf6 8. Qd2 Qg6 9. Nc3 Nge7 10. f3 0-0 11. Bc4 d6 12. 0-0 Nd4 13. Nd5 Nxd5 14. Bxd5 Be6 15. Bxe6 fxe6 16. Kh1 Qxe4 17. c3 Nc6 18. Qxd6 Qg6 19. Be3 Rad8 20. Qc5 Rd3 21. Rae1 Rfd8 22. Qc4 R8d5 23. Qh4 h6 24. a4 b5 25. axb5 axb5 26. h3 Na5 27. Kh2 Nc4 28. Bc1 Nxb2 29. Re4 Nc4 30. Rg4 Qf5 31. Bxh6 Rd7 32. Ra1 Qf8 33. Bxg7 Qxg7 34. Ra8+ 1-0

[Event "HUN-chT2 Maroczy 1415"]
[Site "Hungary"]
[Date "2014.10.12"]
[Round "1"]
[White "Feher, Gyula"]
[Black "Bognar, Csaba"]
[Result "1/2-1/2"]
[WhiteElo "2338"]
[BlackElo "2238"]
[PlyCount "58"]
[EventDate "2014.10.12"]
[EventType "team-tourn"]
[EventRounds "9"]
[EventCountry "HUN"]
[SourceTitle "EXT 2016"]
[Source "ChessBase"]
[SourceDate "2015.10.08"]
[SourceVersion "1"]
[SourceVersionDate "2015.10.08"]
[SourceQuality "1"]
[WhiteTeam "Magyar Sakkvilag"]
[BlackTeam "Kobanya Aquarena"]
[WhiteTeamCountry "HUN"]
[BlackTeamCountry "HUN"]

1. e4 d6 2. d4 Nf6 3. Nc3 g6 4. f4 Bg7 5. Nf3 0-0 6. Bd3 c5 7. dxc5 dxc5 8. e5 Nd5 9. Nxd5 Qxd5 10. Qe2 Nc6 11. c3 b6 12. Be4 Qd7 13. Be3 Rd8 14. 0-0 Bb7 15. Rad1 Qc7 16. a3 Rxd1 17. Rxd1 Rd8 18. b4 Bf8 19. Rxd8 Nxd8 20. Bxb7 Nxb7 21. Qc4 Qc6 22. Ng5 e6 23. Ne4 b5 24. Qd3 Kg7 25. Nf6 cxb4 26. axb4 a5 27. bxa5 Nxa5 28. Ne4 Be7 29. Bd4 b4 1/2-1/2

[Event "HUN-chT2 Charousek 1314"]
[Site "Hungary"]
[Date "2014.02.16"]
[Round "7"]
[White "Feher, Gyula"]
[Black "Takacs, Balazs"]
[Result "1-0"]
[WhiteElo "2345"]
[BlackElo "2354"]
[PlyCount "97"]
[EventDate "2013.09.08"]
[EventType "team-tourn"]
[EventRounds "11"]
[EventCountry "HUN"]
[SourceTitle "EXT 2016"]
[Source "ChessBase"]
[SourceDate "2015.10.08"]
[SourceVersion "1"]
[SourceVersionDate "2015.10.08"]
[SourceQuality "1"]
[WhiteTeam "Taban Spartacus"]
[BlackTeam "Alsoszolnok"]
[WhiteTeamCountry "HUN"]
[BlackTeamCountry "HUN"]

1. Nf3 Nf6 2. c4 g6 3. g3 Bg7 4. Bg2 0-0 5. 0-0 d6 6. d4 Nc6 7. Nc3 Rb8 8. b3 a6 9. Bb2 b5 10. cxb5 axb5 11. Rc1 Na5 12. d5 Bd7 13. Ne1 e6 14. e4 c5 15. dxe6 Bxe6 16. Nd3 c4 17. Nf4 b4 18. Nxe6 fxe6 19. Ne2 c3 20. Ba1 d5 21. exd5 Nxd5 22. Qc2 Qb6 23. Rcd1 Rxf2 24. Rxf2 Ne3 25. Qc1 Nxd1 26. Qxd1 Rd8 27. Qf1 c2 28. Bxg7 Rd1 29. Bh6 g5 30. Be4 e5 31. Bxg5 h6 32. Bc1 Kg7 33. Kg2 Rxf1 34. Kxf1 Nc6 35. Bxc2 Nd4 36. Nxd4 Qxd4 37. Bd2 Qa1+ 38. Kg2 Qxa2 39. Bxb4 Qa8+ 40. Kh3 Qc8+ 41. Bf5 Qc6 42. Bf8+ Kg8 43. b4 e4 44. Bc5 Qd5 45. Rf4 Qe5 46. Bxe4 Qh5+ 47. Kg2 Qe2+ 48. Bf2 h5 49. Bc6 1-0

[Event "HUN-chT2 Charousek 1314"]
[Site "Hungary"]
[Date "2013.11.17"]
[Round "5"]
[White "Feher, Gyula"]
[Black "Galyas, Miklos"]
[Result "1/2-1/2"]
[WhiteElo "2345"]
[BlackElo "2432"]
[PlyCount "30"]
[EventDate "2013.09.08"]
[EventType "team-tourn"]
[EventRounds "11"]
[EventCountry "HUN"]
[SourceTitle "EXT 2016"]
[Source "ChessBase"]
[SourceDate "2015.10.08"]
[SourceVersion "1"]
[SourceVersionDate "2015.10.08"]
[SourceQuality "1"]
[WhiteTeam "Taban Spartacus"]
[BlackTeam "Nagykanizsa II"]
[WhiteTeamCountry "HUN"]
[BlackTeamCountry "HUN"]

1. e4 e6 2. d4 d5 3. Nd2 Be7 4. Bd3 c5 5. dxc5 Nf6 6. Qe2 0-0 7. Ngf3 a5 8. 0-0 Na6 9. e5 Nd7 10. c4 Naxc5 11. Bc2 b6 12. b3 Ba6 13. Bb2 Qc7 14. Rac1 Rfd8 15. Rfd1 Nf8 1/2-1/2

[Event "HUN-chT2 Charousek 1314"]
[Site "Hungary"]
[Date "2013.11.03"]
[Round "4"]
[White "Toth, Gergely1111"]
[Black "Feher, Gyula"]
[Result "1/2-1/2"]
[WhiteElo "2205"]
[BlackElo "2345"]
[PlyCount "27"]
[EventDate "2013.09.08"]
[EventType "team-tourn"]
[EventRounds "11"]
[EventCountry "HUN"]
[SourceTitle "EXT 2016"]
[Source "ChessBase"]
[SourceDate "2015.10.08"]
[SourceVersion "1"]
[SourceVersionDate "2015.10.08"]
[SourceQuality "1"]
[WhiteTeam "Paks ASE II"]
[BlackTeam "Taban Spartacus"]
[WhiteTeamCountry "HUN"]
[BlackTeamCountry "HUN"]

1. e4 c5 2. c3 d5 3. exd5 Qxd5 4. d4 Nf6 5. Nf3 e6 6. Bd3 Be7 7. 0-0 0-0 8. c4 Qh5 9. Be2 Rd8 10. Ng5 Qh4 11. Nf3 Qh5 12. Ng5 Qh4 13. Nf3 Qh5 14. Ng5 1/2-1/2

[Event "HUN-chT2 Maroczy 1213"]
[Site "Hungary"]
[Date "2013.03.24"]
[Round "9"]
[White "Feher, Gyula"]
[Black "Szabolcsi, Janos"]
[Result "1/2-1/2"]
[WhiteElo "2350"]
[BlackElo "2396"]
[PlyCount "60"]
[EventDate "2012.09.16"]
[EventType "team-tourn"]
[EventRounds "11"]
[EventCountry "HUN"]
[SourceTitle "EXT 2014"]
[Source "ChessBase"]
[SourceDate "2013.11.20"]
[SourceVersion "1"]
[SourceVersionDate "2013.11.20"]
[SourceQuality "1"]
[WhiteTeam "Taban Spartacus"]
[BlackTeam "Maroczy"]
[WhiteTeamCountry "HUN"]
[BlackTeamCountry "HUN"]

1. e4 c5 2. Nf3 Nc6 3. Bb5 e6 4. 0-0 Nge7 5. c3 d5 6. exd5 Qxd5 7. d4 cxd4 8. c4 Qh5 9. Nxd4 Qxd1 10. Rxd1 Bd7 11. Nc3 a6 12. Ba4 0-0-0 13. Be3 Nxd4 14. Bxd4 Bxa4 15. Nxa4 Nc6 16. Bb6 Rxd1+ 17. Rxd1 Be7 18. Kf1 h5 19. a3 h4 20. h3 Rg8 21. b4 Ne5 22. Bd4 Nxc4 23. Rc1 b5 24. Nb6+ Kb7 25. Nxc4 bxc4 26. Rxc4 f6 27. a4 Rd8 28. Ke2 Rd5 29. Be3 g5 30. f3 Bd6 1/2-1/2

[Event "Balatonalmadi Pannonia Cup 16th"]
[Site "Balatonalmadi"]
[Date "2011.07.27"]
[Round "1"]
[White "Balogh, Peter"]
[Black "Feher, Gyula"]
[Result "0-1"]
[WhiteElo "1944"]
[BlackElo "2343"]
[PlyCount "68"]
[EventDate "2011.07.27"]
[EventType "swiss"]
[EventRounds "7"]
[EventCountry "HUN"]
[SourceTitle "EXT 2016"]
[Source "ChessBase"]
[SourceDate "2015.10.08"]
[SourceVersion "1"]
[SourceVersionDate "2015.10.08"]
[SourceQuality "1"]

1. e4 c5 2. Nf3 Nc6 3. d4 cxd4 4. Nxd4 Nf6 5. Nc3 d6 6. Bb5 Bd7 7. 0-0 e6 8. Bg5 Be7 9. Nb3 Qc7 10. Re1 0-0 11. Qd2 Rfd8 12. Rad1 Be8 13. Re3 a6 14. Be2 Ne5 15. Rg3 b5 16. f4 Nc4 17. Bxc4 Qxc4 18. Bh6 g6 19. Qd3 Rac8 20. a3 d5 21. Qxc4 bxc4 22. Nd2 dxe4 23. Bg5 e3 24. Rxe3 Bc5 25. Nxc4 Rxd1+ 26. Nxd1 Nd5 27. b4 Ba7 28. Nd6 Rxc2 29. Nxe8 Nxe3 30. Nxe3 Bxe3+ 31. Kf1 f5 32. Nf6+ Kg7 33. h4 h6 34. Bxh6+ Kxf6 0-1

[Event "HUN-chT 1011"]
[Site "Hungary"]
[Date "2011.04.10"]
[Round "8"]
[White "Feher, Gyula"]
[Black "Roganovic, Milos"]
[Result "1/2-1/2"]
[WhiteElo "2343"]
[BlackElo "2497"]
[PlyCount "143"]
[EventDate "2010.10.10"]
[EventType "team-tourn"]
[EventRounds "11"]
[EventCountry "HUN"]
[SourceTitle "EXT 2012"]
[Source "ChessBase"]
[SourceDate "2011.11.24"]
[SourceVersion "1"]
[SourceVersionDate "2011.11.24"]
[SourceQuality "1"]
[WhiteTeam "Taban Spartacus"]
[BlackTeam "Decs"]
[WhiteTeamCountry "HUN"]
[BlackTeamCountry "HUN"]

1. e4 c5 2. Nf3 Nc6 3. d4 cxd4 4. Nxd4 g6 5. Nc3 Bg7 6. Be3 Nf6 7. Bc4 0-0 8. Bb3 d6 9. f3 Bd7 10. Qd2 Rc8 11. 0-0-0 Nxd4 12. Bxd4 b5 13. Nd5 Nxd5 14. Bxg7 Kxg7 15. exd5 a5 16. a3 b4 17. axb4 axb4 18. Qxb4 Kg8 19. Rhe1 Rc5 20. Rd3 Qa8 21. Qd4 Bf5 22. Rc3 Qa1+ 23. Kd2 Qxb2 24. Rxe7 Rfc8 25. Ree3 h5 26. Ba4 Qa2 27. Bc6 Bxc2 28. Rxc5 dxc5 29. Qxc5 Bf5+ 30. Ke1 Qxg2 31. Qd6 Qg1+ 32. Ke2 Qg2+ 33. Ke1 Qg5 34. Kf2 Qh4+ 35. Ke2 Qc4+ 36. Kf2 Bh3 37. Re1 Qh4+ 38. Qg3 Qd4+ 39. Re3 Bd7 40. Qe5 Qxe5 41. Rxe5 Bxc6 42. dxc6 Rxc6 43. Kg3 Kg7 44. Ra5 Kf6 45. h4 Ke6 46. Rb5 Rd6 47. Ra5 Rd5 48. Ra6+ Kf5 49. Ra4 f6 50. Rb4 g5 51. Ra4 Rb5 52. Rc4 Re5 53. Ra4 Re3 54. Ra5+ Kg6 55. hxg5 fxg5 56. Kf2 Rd3 57. Ra6+ Kf5 58. Ra5+ Kf4 59. Ra4+ Ke5 60. Kg3 h4+ 61. Kf2 Rd5 62. Ra8 Kd4 63. Re8 Kd3 64. Re3+ Kd2 65. Re4 Rf5 66. Kg2 Kd3 67. Rg4 Re5 68. f4 Re2+ 69. Kg1 Re1+ 70. Kg2 gxf4 71. Rxf4 h3+ 72. Kxh3 1/2-1/2

[Event "HUN-chT 1011"]
[Site "Hungary"]
[Date "2011.03.27"]
[Round "7"]
[White "Mihok, Oliver"]
[Black "Feher, Gyula"]
[Result "1-0"]
[WhiteElo "2463"]
[BlackElo "2343"]
[PlyCount "81"]
[EventDate "2010.10.10"]
[EventType "team-tourn"]
[EventRounds "11"]
[EventCountry "HUN"]
[SourceTitle "EXT 2012"]
[Source "ChessBase"]
[SourceDate "2011.11.24"]
[SourceVersion "1"]
[SourceVersionDate "2011.11.24"]
[SourceQuality "1"]
[WhiteTeam "Mako"]
[BlackTeam "Taban Spartacus"]
[WhiteTeamCountry "HUN"]
[BlackTeamCountry "HUN"]

1. e4 c5 2. Nf3 d6 3. d4 cxd4 4. Nxd4 Nf6 5. Nc3 a6 6. Be3 e5 7. Nb3 Be6 8. Qd2 Nbd7 9. 0-0-0 Be7 10. f4 exf4 11. Bxf4 Ne5 12. Nd4 0-0 13. g3 Qc8 14. Nxe6 Qxe6 15. h4 Rad8 16. Bh3 Qc4 17. Nd5 Nxd5 18. Qxd5 Qc7 19. Kb1 Bf6 20. Bc1 Nc4 21. Rhf1 Be5 22. Rf3 b5 23. Rdf1 Nb6 24. Qb3 Nc4 25. Qd3 Rb8 26. g4 b4 27. b3 Na3+ 28. Bxa3 bxa3 29. g5 a5 30. Qd5 g6 31. Rxf7 Rxf7 32. Rxf7 Qxf7 33. Be6 Rf8 34. Bxf7+ Rxf7 35. c4 Kg7 36. c5 Rf1+ 37. Kc2 Rf2+ 38. Kd3 Rxa2 39. cxd6 Bf4 40. Qb7+ Kg8 41. Qc8+ 1-0

[Event "HUN-chT 1011"]
[Site "Hungary"]
[Date "2010.12.05"]
[Round "4"]
[White "Feher, Gyula"]
[Black "Markus, Robert"]
[Result "0-1"]
[WhiteElo "2343"]
[BlackElo "2624"]
[PlyCount "102"]
[EventDate "2010.10.10"]
[EventType "team-tourn"]
[EventRounds "11"]
[EventCountry "HUN"]
[SourceTitle "EXT 2012"]
[Source "ChessBase"]
[SourceDate "2011.11.24"]
[SourceVersion "1"]
[SourceVersionDate "2011.11.24"]
[SourceQuality "1"]
[WhiteTeam "Taban Spartacus"]
[BlackTeam "Aquaprofit"]
[WhiteTeamCountry "HUN"]
[BlackTeamCountry "HUN"]

1. d4 Nf6 2. Nf3 g6 3. g3 Bg7 4. Bg2 0-0 5. 0-0 d6 6. c4 Nbd7 7. Nc3 e5 8. e4 c6 9. h3 Qb6 10. c5 dxc5 11. dxe5 Ne8 12. e6 fxe6 13. Ng5 Ne5 14. Na4 Qb5 15. f4 Nf7 16. Nxf7 Bd4+ 17. Kh2 Rxf7 18. e5 Nc7 19. Re1 Nd5 20. Bf1 Qa5 21. Bd2 Qc7 22. Rc1 b6 23. Bd3 Bb7 24. Qe2 Rd8 25. a3 Ne7 26. Rc2 Nf5 27. Be4 c4 28. Nc3 b5 29. Qg2 Bxc3 30. Bxc3 c5 31. g4 Ne7 32. Rf2 Bxe4 33. Rxe4 Rd3 34. Qf1 Qd7 35. Qe2 Qd5 36. Re3 Rd1 37. Ref3 Rd3 38. Re3 h5 39. Rff3 hxg4 40. hxg4 Rh7+ 41. Rh3 Qe4 42. Rxe4 Rdxh3+ 43. Kg2 Rh2+ 44. Kf1 Rxe2 45. Rxe2 Rh4 46. Rg2 Nd5 47. Bd2 Kf7 48. Kg1 b4 49. axb4 cxb4 50. Be1 Rh8 51. Rc2 Rc8 0-1

[Event "Budapest Sinus 1st"]
[Site "Budapest"]
[Date "2010.08.20"]
[Round "7"]
[White "Feher, Gyula"]
[Black "Csonka, Balazs"]
[Result "1/2-1/2"]
[WhiteElo "2347"]
[BlackElo "2267"]
[PlyCount "40"]
[EventDate "2010.08.14"]
[EventType "tourn"]
[EventRounds "9"]
[EventCountry "HUN"]
[EventCategory "3"]
[SourceTitle "CBM 138 Extra"]
[Source "ChessBase"]
[SourceDate "2010.10.29"]
[SourceVersion "1"]
[SourceVersionDate "2010.10.29"]
[SourceQuality "1"]

1. e4 e5 2. Nf3 Nc6 3. Bb5 Nf6 4. d3 d6 5. c3 g6 6. Nbd2 Bg7 7. 0-0 Bd7 8. Re1 0-0 9. Nf1 Qe8 10. Ng3 Nd8 11. Bxd7 Nxd7 12. d4 Ne6 13. Qc2 Qe7 14. Be3 Rfc8 15. Rad1 a5 16. Qd2 Qf8 17. dxe5 Nxe5 18. Qe2 Nxf3+ 19. Qxf3 a4 20. a3 Ra5 1/2-1/2

[Event "Budapest Sinus 1st"]
[Site "Budapest"]
[Date "2010.08.18"]
[Round "5"]
[White "Lorand, Norbert"]
[Black "Feher, Gyula"]
[Result "1/2-1/2"]
[WhiteElo "2364"]
[BlackElo "2347"]
[PlyCount "20"]
[EventDate "2010.08.14"]
[EventType "tourn"]
[EventRounds "9"]
[EventCountry "HUN"]
[EventCategory "3"]
[SourceTitle "CBM 138 Extra"]
[Source "ChessBase"]
[SourceDate "2010.10.29"]
[SourceVersion "1"]
[SourceVersionDate "2010.10.29"]
[SourceQuality "1"]

1. e4 c5 2. Nf3 Nc6 3. d4 cxd4 4. Nxd4 Nf6 5. Nc3 d6 6. Bg5 e6 7. Qd2 a6 8. 0-0-0 Bd7 9. Nb3 b5 10. a3 Be7 1/2-1/2

[Event "Budapest Sinus 1st"]
[Site "Budapest"]
[Date "2010.08.17"]
[Round "4"]
[White "Feher, Gyula"]
[Black "Akots, Gabor"]
[Result "1/2-1/2"]
[WhiteElo "2347"]
[BlackElo "2300"]
[PlyCount "70"]
[EventDate "2010.08.14"]
[EventType "tourn"]
[EventRounds "9"]
[EventCountry "HUN"]
[EventCategory "3"]
[SourceTitle "CBM 138 Extra"]
[Source "ChessBase"]
[SourceDate "2010.10.29"]
[SourceVersion "1"]
[SourceVersionDate "2010.10.29"]
[SourceQuality "1"]

1. d4 Nf6 2. Nf3 g6 3. g3 Bg7 4. Bg2 0-0 5. 0-0 d6 6. Nc3 c6 7. e4 Bg4 8. h3 Bxf3 9. Qxf3 e5 10. dxe5 dxe5 11. Rd1 Qe7 12. a4 Nbd7 13. b3 Rfd8 14. Ba3 c5 15. Nd5 Nxd5 16. Rxd5 b6 17. Rad1 Nf6 18. R5d3 Ne8 19. Bf1 Nc7 20. Kg2 Ne6 21. Rxd8+ Rxd8 22. Rxd8+ Qxd8 23. Bc4 Qd7 24. Bc1 Kf8 25. Bxe6 Qxe6 26. Qd3 Ke7 27. c4 Qd6 28. Qd5 Qxd5 29. cxd5 Kd6 30. Kf1 a6 31. Ke2 b5 32. Kd3 f6 33. axb5 axb5 34. f4 Bf8 35. fxe5+ fxe5 1/2-1/2

[Event "Budapest Sinus 1st"]
[Site "Budapest"]
[Date "2010.08.15"]
[Round "2"]
[White "Feher, Gyula"]
[Black "Roos, Jean Luc"]
[Result "1-0"]
[WhiteElo "2347"]
[BlackElo "2263"]
[PlyCount "51"]
[EventDate "2010.08.14"]
[EventType "tourn"]
[EventRounds "9"]
[EventCountry "HUN"]
[EventCategory "3"]
[SourceTitle "CBM 138 Extra"]
[Source "ChessBase"]
[SourceDate "2010.10.29"]
[SourceVersion "1"]
[SourceVersionDate "2010.10.29"]
[SourceQuality "1"]

1. e4 e6 2. d4 d5 3. Nd2 c5 4. exd5 Qxd5 5. dxc5 Bxc5 6. Ngf3 Nf6 7. Bc4 Qc6 8. Qe2 0-0 9. 0-0 a6 10. a4 Qc7 11. Ne4 Nxe4 12. Qxe4 Qc6 13. Qh4 Be7 14. Qxe7 Qxc4 15. b3 Qc6 16. Bb2 Qd7 17. Qh4 f6 18. Rad1 Qf7 19. Nd2 Nc6 20. Nc4 b5 21. Nd6 Qg6 22. Rd3 Ne5 23. Rg3 Qxc2 24. Bxe5 Kh8 25. Bxf6 Rxf6 26. Qxf6 1-0